000 00521nam a2200181Ia 4500
005 20250508150941.0
008 008 250505s9999 xx 000 0 eng d
037 _aTextual
040 _aFEDL
_beng
_cFEDL
041 _aeng
_2eng
084 _a954.03, MAL
_qFEDL
100 _aMalleson Colonel G B
245 0 _aDupleix and the struggle for India by the European Nations
260 _aOxford, UK
_bClarendon Press
_c1921
300 _a188p
942 _cTEXL
_h954.03, MAL
999 _c1326668
_d1326668